La investigación científica (Registro nro. 3251)

Detalles MARC
000 -Cabecera
Campo de control de longitud fija 00716atm a2200277 4500
005 - Fecha y hora de la última transacción
Campo de control 20260406175454.0
008 - Elementos de longitud fija--Información general
Campo de control de longitud fija 150424b2010 xxu||||| |||| 00| 0 spa d
041 ## - Idioma
Código de idioma Español
082 ## - Clasificación Decimal Dewey
Número de clasificación 001.42 M538i3
100 ## - Entrada principal--Autor personal
Nombre personal Méndez Ramírez, Odilón
245 ## - Título propiamente dicho
Título La investigación científica
250 ## - Edición
Mención de edición 3 edición
260 ## - Pie de imprenta
Lugar de publicación, distribución, etc. Costa Rica
260 ## - Pie de imprenta
Nombre del editor, distribuidor, etc. Juritexto
260 ## - Pie de imprenta
Fecha de publicación, distribución, etc. 2010
300 ## - Descripción física
Extensión 296 páginas
490 ## - Serie
Título de la Serie Temática General
650 ## - Materia general
Temática (materia general) MÉTODOS DE INVESTIGACIÓN
650 ## - Materia general
Temática (materia general) INVESTIGACIÓN CIENTÍFICA
650 ## - Materia general
Temática (materia general) METODOLOGÍA DE LA INVESTIGACIÓN
650 ## - Materia general
Temática (materia general) PLAN O PROYECTO
650 ## - Materia general
Temática (materia general) TRABAJO DE INVESTIGACIÓN
650 ## - Materia general
Temática (materia general) TESIS
650 ## - Materia general
Temática (materia general) CITAS
942 ## - Punto de acceso adicional KOHA
Tipo de ítem KOHA Libro
Fuente del sistema de clasificación o colocación Dewey Decimal Classification
Existencias
Signatura completa Código de barras Programa Académico Tipo de ítem
001.42 M538i3 17042 Temática General Libro
001.42 M538i3 18216 Temática General Libro
001.42 M538i3 18217 Temática General Libro